[Event "Copenhagen Chess Challenge 2014"]
[Site "Ballerup"]
[Date "2014.05.15"]
[Round "3"]
[White "Kistrup, Nicolai"]
[Black "Andersen, Kim Nyvang"]
[Result "1/2-1/2"]
[WhiteElo "1721"]
[BlackElo "2039"]
[PlyCount "68"]
[EventDate "2014.??.??"]
[EventType "swiss"]
[EventRounds "9"]
[EventCountry "DEN"]

1. d4 Nf6 2. Nf3 g6 3. c4 Bg7 4. Nc3 O-O 5. Bg5 d6 6. e3 Nbd7 7. Be2 c6 8. O-O
h6 9. Bh4 g5 10. Bg3 Nh5 11. Qc2 Nxg3 12. hxg3 e5 13. dxe5 dxe5 14. Rad1 f5 15.
b4 Qe7 16. c5 b6 17. Rd6 bxc5 18. bxc5 Nxc5 19. Rxc6 Be6 20. Nd5 Bxd5 21. Qxc5
Qxc5 22. Rxc5 Bxa2 23. Nxe5 Rfc8 24. Rfc1 Be6 25. Ba6 Rxc5 26. Rxc5 Rb8 27. Kf1
Rb1+ 28. Ke2 Rb2+ 29. Ke1 Bf8 30. Rc6 Bb4+ 31. Kf1 Bd5 32. Bc4 Rb1+ 33. Ke2
Bxc4+ 34. Nxc4 a5 1/2-1/2

[Event "Copenhagen Chess Challenge 2014"]
[Site "Ballerup"]
[Date "2014.05.15"]
[Round "3"]
[White "Korley, Kassa"]
[Black "Thorfinnsson, Bragi"]
[Result "1-0"]
[WhiteElo "2390"]
[BlackElo "2459"]
[PlyCount "94"]
[EventDate "2014.??.??"]
[EventType "swiss"]
[EventRounds "9"]
[EventCountry "DEN"]

1. Nf3 c5 2. g3 b6 3. Bg2 Bb7 4. O-O g6 5. c3 Bg7 6. d4 Nf6 7. a4 O-O 8. a5 d6
9. Nbd2 cxd4 10. cxd4 b5 11. Re1 a6 12. e4 e5 13. d5 Nbd7 14. b4 Rc8 15. Bb2
Ne8 16. h4 Bh6 17. Qb3 f5 18. Rac1 Rxc1 19. Bxc1 Qf6 20. Qc2 Kh8 21. Bb2 fxe4
22. Nxe4 Qf5 23. Qd1 Ndf6 24. Nfg5 Nxe4 25. Nxe4 Bg7 26. Qd2 h6 27. Rd1 Rf7 28.
Rc1 Qd7 29. Nc3 Qg4 30. Nd1 h5 31. Ne3 Bh6 32. Qd3 Bxe3 33. Qxe3 Kh7 34. f4 Ng7
35. fxe5 dxe5 36. Qxe5 Qxb4 37. Rf1 Rd7 38. Be4 Qc5+ 39. Bd4 Qe7 40. Rf6 Qxe5
41. Bxg6+ Kg8 42. Bxe5 Bxd5 43. Rxa6 b4 44. Rb6 Rb7 45. Rd6 Bf7 46. Bxf7+ Kxf7
47. Rb6 Re7 1-0

[Event "Copenhagen Chess Challenge 2014"]
[Site "Ballerup"]
[Date "2014.05.15"]
[Round "3"]
[White "Krull, Carl"]
[Black "Skovgaard, Ib"]
[Result "0-1"]
[WhiteElo "1789"]
[BlackElo "2041"]
[PlyCount "74"]
[EventDate "2014.??.??"]
[EventType "swiss"]
[EventRounds "9"]
[EventCountry "DEN"]

1. e4 Nf6 2. Nc3 d5 3. exd5 Nxd5 4. Nxd5 Qxd5 5. Qf3 Qxf3 6. Nxf3 Nc6 7. Bb5
Bd7 8. d4 a6 9. Ba4 e6 10. Bf4 Rc8 11. c3 Bd6 12. Bg3 O-O 13. Bc2 h6 14. O-O-O
b5 15. d5 Bxg3 16. dxc6 Bf4+ 17. Kb1 Bxc6 18. Rd4 e5 19. Rdd1 Rfe8 20. h3 g6
21. Rhe1 e4 22. Nd4 Bb7 23. g3 Bd6 24. a4 b4 25. c4 Bf8 26. b3 Rcd8 27. Ne2 Bc5
28. Rf1 Rxd1+ 29. Bxd1 Rd8 30. Kc2 g5 31. Nc1 e3 32. f3 Rd2+ 33. Kb1 a5 34. Be2
Bd4 35. Rd1 Rb2+ 36. Ka1 Bf6 37. Bf1 Rd2+ 0-1

[Event "Copenhagen Chess Challenge 2014"]
[Site "Ballerup"]
[Date "2014.05.15"]
[Round "3"]
[White "Larsen, Preben R"]
[Black "Stojanovski, Sandi"]
[Result "1/2-1/2"]
[WhiteElo "1808"]
[BlackElo "2265"]
[PlyCount "45"]
[EventDate "2014.??.??"]
[EventType "swiss"]
[EventRounds "9"]
[EventCountry "DEN"]

1. c4 c5 2. Nc3 b6 3. Nf3 Nf6 4. e4 d6 5. d4 cxd4 6. Nxd4 e6 7. Bg5 Be7 8. Ndb5
O-O 9. e5 dxe5 10. Bxf6 Bxf6 11. Qf3 e4 12. Qxe4 a6 13. Qxa8 Bd7 14. Na7 Qc7
15. Qe4 Qxa7 16. Bd3 g6 17. Qf3 Bg7 18. O-O Nc6 19. Rab1 Qc7 20. Rfd1 Nd4 21.
Qe3 Bc6 22. Ne2 Rd8 23. b3 1/2-1/2

[Event "Copenhagen Chess Challenge 2014"]
[Site "Ballerup"]
[Date "2014.05.15"]
[Round "3"]
[White "Mikkelsen, Nikolaj"]
[Black "Ziska, Helgi Dam"]
[Result "0-1"]
[WhiteElo "2430"]
[BlackElo "2491"]
[PlyCount "94"]
[EventDate "2014.??.??"]
[EventType "swiss"]
[EventRounds "9"]
[EventCountry "DEN"]

1. e4 c5 2. Nc3 a6 3. Nge2 d6 4. g3 Nc6 5. Bg2 g6 6. d3 Bg7 7. Be3 e5 8. f4 Nd4
9. fxe5 dxe5 10. Qd2 Ne7 11. O-O O-O 12. Nd5 Nxd5 13. exd5 b6 14. c4 Nf5 15.
Rab1 Nxe3 16. Qxe3 Qd6 17. a3 Bd7 18. b4 Rac8 19. Kh1 f5 20. bxc5 Rxc5 21. d4
exd4 22. Nxd4 Re8 23. Ne6 Bxe6 24. dxe6 Rxe6 25. Qf3 Re8 26. Qb7 Rb8 27. Rbd1
Qc7 28. Qf3 Kh8 29. Rd3 Rxc4 30. Qd1 Re8 31. Rd7 Qc5 32. Rd8 Rf8 33. Qd3 Ra4
34. Rxf8+ Bxf8 35. Qd2 Qd4 36. Qc1 Rxa3 37. Rd1 Qc3 38. Qf4 Ra1 39. Rxa1 Qxa1+
40. Bf1 Bd6 41. Qf3 a5 42. Kg2 Qd4 43. Kh3 Kg7 44. Be2 Qg4+ 45. Qxg4 fxg4+ 46.
Kxg4 Kf6 47. Kf3 Ke5 0-1

[Event "Copenhagen Chess Challenge 2014"]
[Site "Ballerup"]
[Date "2014.05.15"]
[Round "3"]
[White "Nielsen, Thomas (1994)"]
[Black "Olsen, Miriam Frida"]
[Result "0-1"]
[WhiteElo "1600"]
[BlackElo "1952"]
[PlyCount "58"]
[EventDate "2014.??.??"]
[EventType "swiss"]
[EventRounds "9"]
[EventCountry "DEN"]

1. d4 Nf6 2. Nf3 e6 3. e3 b6 4. b3 Bb7 5. Ba3 Be7 6. Bxe7 Qxe7 7. Be2 Ne4 8.
O-O O-O 9. c4 f5 10. Qc2 d6 11. Nbd2 e5 12. d5 Nxd2 13. Qxd2 Nd7 14. e4 f4 15.
g3 Rf7 16. Nh4 Nf6 17. Nf5 Qf8 18. Bf3 g6 19. Nh4 Bc8 20. Ng2 g5 21. gxf4 gxf4
22. Kh1 Qh6 23. Rg1 Kh8 24. Qe2 Bd7 25. h4 Rg8 26. h5 Ng4 27. Nxf4 Rxf4 28.
Bxg4 Bxg4 29. Rxg4 Rfxg4 0-1

[Event "Copenhagen Chess Challenge 2014"]
[Site "Ballerup"]
[Date "2014.05.15"]
[Round "3"]
[White "Nordenbaek, Jan"]
[Black "Nielsen, Viktor"]
[Result "1/2-1/2"]
[WhiteElo "2248"]
[BlackElo "2029"]
[PlyCount "53"]
[EventDate "2014.??.??"]
[EventType "swiss"]
[EventRounds "9"]
[EventCountry "DEN"]

1. e4 e5 2. Nf3 Nc6 3. Bc4 Bc5 4. c3 Nf6 5. d3 a6 6. Bb3 O-O 7. O-O d6 8. Re1
Ba7 9. Nbd2 Be6 10. Bc2 Ng4 11. Rf1 Bxf2+ 12. Rxf2 Ne3 13. Qe2 Nxc2 14. Rb1
Bxa2 15. b3 Bxb1 16. Nxb1 N2d4 17. cxd4 Nxd4 18. Nxd4 exd4 19. Qg4 Qc8 20. Qh5
Qe6 21. Nd2 c5 22. Nc4 Rad8 23. Nb6 Qg6 24. Qd5 Qe6 25. Qh5 Qg6 26. Qd5 Qe6 27.
Qh5 1/2-1/2

[Event "Copenhagen Chess Challenge 2014"]
[Site "Ballerup"]
[Date "2014.05.15"]
[Round "3"]
[White "Nyland, Thomas"]
[Black "Sahl, Bjarke"]
[Result "0-1"]
[WhiteElo "2043"]
[BlackElo "2368"]
[PlyCount "78"]
[EventDate "2014.??.??"]
[EventType "swiss"]
[EventRounds "9"]
[EventCountry "DEN"]

1. e4 c5 2. c3 Nf6 3. e5 Nd5 4. d4 cxd4 5. cxd4 d6 6. Nf3 Nc6 7. Bc4 Nb6 8. Bb3
d5 9. O-O Bg4 10. Be3 e6 11. h3 Bh5 12. g4 Bg6 13. Nc3 Be7 14. Rc1 O-O 15. Ne2
Na5 16. Nd2 Rc8 17. Rxc8 Qxc8 18. f4 Nac4 19. Bxc4 dxc4 20. Nc3 Bd3 21. Rf2 Rd8
22. Qf3 Qc6 23. Qxc6 bxc6 24. f5 Nd5 25. Nxd5 cxd5 26. f6 Bf8 27. Nf3 Rb8 28.
fxg7 Bxg7 29. Ng5 Rb7 30. h4 Bb1 31. a3 h6 32. Nf3 Rb3 33. Bc1 Be4 34. Nh2 Rg3+
35. Kf1 Rd3 36. Rd2 Rh3 37. h5 f6 38. exf6 Bxf6 39. Kg1 Bg5 0-1

[Event "Copenhagen Chess Challenge 2014"]
[Site "Ballerup"]
[Date "2014.05.15"]
[Round "3"]
[White "Pallesen, Jacob"]
[Black "Jorgensen, Dennis"]
[Result "1/2-1/2"]
[WhiteElo "2029"]
[BlackElo "2231"]
[PlyCount "48"]
[EventDate "2014.??.??"]
[EventType "swiss"]
[EventRounds "9"]
[EventCountry "DEN"]

1. d4 Nf6 2. c4 e6 3. Nc3 Bb4 4. e3 O-O 5. Bd3 c5 6. Nge2 d5 7. a3 Bxc3+ 8.
Nxc3 dxc4 9. Bxc4 Nbd7 10. O-O a6 11. dxc5 Nxc5 12. b4 Ncd7 13. Bb2 b5 14. Be2
Bb7 15. a4 bxa4 16. Nxa4 Qb8 17. Bxf6 Nxf6 18. Nc5 Bc6 19. Rxa6 Rxa6 20. Nxa6
Qb7 21. Qd4 Bxg2 22. Nc5 Qd5 23. Qxd5 Bxd5 24. f3 Rc8 1/2-1/2

[Event "Copenhagen Chess Challenge 2014"]
[Site "Ballerup"]
[Date "2014.05.15"]
[Round "3"]
[White "Brondt, Nicolai Kvist"]
[Black "Karlsson, Robin"]
[Result "1-0"]
[WhiteElo "2200"]
[BlackElo "2008"]
[PlyCount "87"]
[EventDate "2014.??.??"]
[EventType "swiss"]
[EventRounds "9"]
[EventCountry "DEN"]

1. d4 Nf6 2. Nf3 g6 3. c4 Bg7 4. Nc3 d6 5. Bg5 O-O 6. e3 c5 7. Be2 Na6 8. O-O
Bd7 9. Qb3 cxd4 10. exd4 Bc6 11. Rfe1 h6 12. Bh4 g5 13. Bg3 Nh5 14. Rad1 Nxg3
15. hxg3 Qa5 16. Qc2 d5 17. a3 dxc4 18. Bxc4 Bxf3 19. gxf3 e6 20. Qe4 Qc7 21.
Bd3 Rfd8 22. d5 Nc5 23. Qh7+ Kf8 24. dxe6 Nxe6 25. Be4 Rxd1 26. Rxd1 Bxc3 27.
bxc3 Qxc3 28. Bxb7 Rd8 29. Rxd8+ Nxd8 30. Qxh6+ Ke8 31. Bd5 Qxa3 32. Qxg5 a5
33. Qe3+ Qxe3 34. fxe3 Ke7 35. Kf2 Kd6 36. e4 f6 37. Ke3 Nc6 38. Bxc6 Kxc6 39.
Kd4 a4 40. f4 a3 41. Kc3 a2 42. Kb2 Kc5 43. g4 Kd4 44. g5 1-0

[Event "Copenhagen Chess Challenge 2014"]
[Site "Ballerup"]
[Date "2014.05.15"]
[Round "3"]
[White "Petrovski, Petruli"]
[Black "Brondal, Paul"]
[Result "0-1"]
[WhiteElo "1866"]
[BlackElo "2078"]
[PlyCount "58"]
[EventDate "2014.??.??"]
[EventType "swiss"]
[EventRounds "9"]
[EventCountry "DEN"]

1. Nf3 Nf6 2. c4 g6 3. b4 Bg7 4. Bb2 O-O 5. g3 b6 6. Bg2 Bb7 7. O-O d5 8. cxd5
Nxd5 9. Bxg7 Kxg7 10. Qb3 e6 11. Nc3 Qe7 12. Nxd5 exd5 13. Qc3+ f6 14. Rac1 Rc8
15. Bh3 Nd7 16. Nd4 c5 17. Ne6+ Kf7 18. Qe3 Kg8 19. Qh6 f5 20. Ng5 cxb4 21. Rb1
a5 22. Rb3 Nc5 23. Re3 Ne4 24. f4 d4 25. Rd3 Nxg5 26. fxg5 Qe4 27. Rff3 Qxe2
28. Bf1 Rc1 29. Rxd4 Rxf1+ 0-1

[Event "Copenhagen Chess Challenge 2014"]
[Site "Ballerup"]
[Date "2014.05.15"]
[Round "3"]
[White "Quernheim, Daniel"]
[Black "Mueller, Reinhold"]
[Result "0-1"]
[WhiteElo "2032"]
[BlackElo "2282"]
[PlyCount "70"]
[EventDate "2014.??.??"]
[EventType "swiss"]
[EventRounds "9"]
[EventCountry "DEN"]

1. d4 Nf6 2. c4 c5 3. d5 e6 4. Nc3 exd5 5. cxd5 d6 6. e4 g6 7. f3 Bg7 8. Bg5
O-O 9. Qd2 Re8 10. Be2 a6 11. a4 Nbd7 12. Nh3 Rb8 13. O-O Qc7 14. Nf2 c4 15.
Ra3 Nc5 16. Bxc4 Nxa4 17. Rxa4 b5 18. Bxb5 axb5 19. Ra2 b4 20. Ne2 Qc4 21. Ra5
Ba6 22. Ng3 Bb5 23. Rc1 Qb3 24. Qc2 Qxc2 25. Rxc2 Nd7 26. Bf4 b3 27. Rc1 Bxb2
28. Rb1 Bc3 29. Ra7 b2 30. Bxd6 Ra8 31. Rxa8 Rxa8 32. Nd1 Bd4+ 33. Kh1 Ra1 34.
Rxb2 Rxd1+ 35. Nf1 Rxf1# 0-1

[Event "Copenhagen Chess Challenge 2014"]
[Site "Ballerup"]
[Date "2014.05.15"]
[Round "3"]
[White "Rosenkilde, Alexander"]
[Black "Frank Nielsen, Marie"]
[Result "1-0"]
[WhiteElo "2271"]
[BlackElo "1992"]
[PlyCount "103"]
[EventDate "2014.??.??"]
[EventType "swiss"]
[EventRounds "9"]
[EventCountry "DEN"]

1. d4 Nf6 2. c4 g6 3. Nc3 Bg7 4. e4 d6 5. Nf3 O-O 6. Be2 e5 7. O-O Nc6 8. d5
Ne7 9. b4 Nh5 10. Re1 f5 11. Ng5 Nf6 12. f3 f4 13. c5 h6 14. Ne6 Bxe6 15. dxe6
dxc5 16. bxc5 Qd4+ 17. Qxd4 exd4 18. Nb5 Nxe4 19. fxe4 d3 20. Rb1 dxe2 21. Nxc7
Bd4+ 22. Kh1 Rad8 23. Bb2 Bxc5 24. Rxe2 f3 25. gxf3 Rxf3 26. Be5 b6 27. Kg2
Rdf8 28. Rd1 g5 29. Bg3 h5 30. Nd5 Ng6 31. h3 g4 32. hxg4 h4 33. Bc7 h3+ 34.
Kh2 Rc8 35. Bg3 Kg7 36. g5 Re8 37. Nc7 Re7 38. Rd7 Nf8 39. Be5+ Kg6 40. Rxe7
Bxe7 41. Nd5 Bxg5 42. e7 Bxe7 43. Nxe7+ Kf7 44. Nf5 Nd7 45. Bg3 Nc5 46. Nd4 Rd3
47. Nc6 Ra3 48. e5 Ra4 49. Kxh3 Ne4 50. Bh4 Nc3 51. e6+ Ke8 52. Rd2 1-0

[Event "Copenhagen Chess Challenge 2014"]
[Site "Ballerup"]
[Date "2014.05.15"]
[Round "3"]
[White "Slettebo, Jan"]
[Black "Ochsner, Bjorn Moller"]
[Result "0-1"]
[WhiteElo "2040"]
[BlackElo "2307"]
[PlyCount "40"]
[EventDate "2014.??.??"]
[EventType "swiss"]
[EventRounds "9"]
[EventCountry "DEN"]

1. e4 c5 2. Nf3 d6 3. d4 cxd4 4. Nxd4 Nf6 5. Nc3 a6 6. Bg5 Nbd7 7. Bc4 Qb6 8.
Bb3 e6 9. O-O Be7 10. Be3 Nc5 11. f4 Qc7 12. Qf3 O-O 13. g4 b5 14. g5 Nfxe4 15.
Nxe4 Bb7 16. Nxe6 fxe6 17. Bxc5 dxc5 18. Bxe6+ Kh8 19. g6 c4 20. Qh5 Qb6+ 0-1

[Event "Copenhagen Chess Challenge 2014"]
[Site "Ballerup"]
[Date "2014.05.15"]
[Round "3"]
[White "Stefansson, Hannes"]
[Black "Hoi, Carsten"]
[Result "1/2-1/2"]
[WhiteElo "2548"]
[BlackElo "2397"]
[PlyCount "21"]
[EventDate "2014.??.??"]
[EventType "swiss"]
[EventRounds "9"]
[EventCountry "DEN"]

1. d4 Nf6 2. c4 c5 3. d5 e5 4. Nc3 d6 5. e4 g6 6. g3 Bg7 7. Bg2 O-O 8. Nge2 a6
9. a4 Nbd7 10. O-O Nh5 11. Be3 1/2-1/2

[Event "Copenhagen Chess Challenge 2014"]
[Site "Ballerup"]
[Date "2014.05.15"]
[Round "3"]
[White "Tangelder, Yonne"]
[Black "Olsen, Aage Dalstrup"]
[Result "1/2-1/2"]
[WhiteElo "1800"]
[BlackElo "2054"]
[PlyCount "80"]
[EventDate "2014.??.??"]
[EventType "swiss"]
[EventRounds "9"]
[EventCountry "DEN"]

1. e4 c5 2. Nc3 Nc6 3. f4 d6 4. Nf3 Nf6 5. Bb5 Bd7 6. e5 dxe5 7. fxe5 Ng4 8.
Qe2 e6 9. Qe4 Nh6 10. O-O Be7 11. d3 Nf5 12. Ne2 Qc7 13. c3 Nxe5 14. Bxd7+ Nxd7
15. Bf4 Bd6 16. g4 Nf6 17. Qa4+ b5 18. Qxb5+ Nd7 19. gxf5 Bxf4 20. fxe6 Be3+
21. Kh1 fxe6 22. Qc4 Qc6 23. Nf4 Bxf4 24. Qxf4 O-O-O 25. Rae1 Rhf8 26. Qe4 Qxe4
27. Rxe4 Rf6 28. Nd2 e5 29. Rg4 Rxf1+ 30. Nxf1 Rf8 31. Kg2 Rf7 32. Nd2 Kc7 33.
Ra4 Kb7 34. Ne4 Kb6 35. Nd6 Rf8 36. Nc4+ Kb7 37. Nd6+ Kc6 38. Ne4 Kb6 39. Nd6
Kc6 40. Ne4 Kb6 1/2-1/2

[Event "Copenhagen Chess Challenge 2014"]
[Site "Ballerup"]
[Date "2014.05.15"]
[Round "3"]
[White "Thuesen, Mogens Henrik"]
[Black "Sorensen, Per Settergren"]
[Result "1/2-1/2"]
[WhiteElo "2235"]
[BlackElo "2021"]
[PlyCount "95"]
[EventDate "2014.??.??"]
[EventType "swiss"]
[EventRounds "9"]
[EventCountry "DEN"]

1. d4 Nf6 2. c4 e6 3. Nc3 d5 4. cxd5 exd5 5. Bg5 c6 6. Qc2 Be7 7. e3 Nbd7 8.
Bd3 Nh5 9. Bxe7 Qxe7 10. Nge2 Nb6 11. h3 g6 12. g4 Ng7 13. O-O-O Bd7 14. Kb1
O-O-O 15. Ng3 Kb8 16. Rhe1 Be6 17. f4 Qh4 18. Qf2 f5 19. Rh1 Qe7 20. g5 Ne8 21.
Nf1 Nd6 22. Nh2 Ne4 23. Qc2 Nxc3+ 24. Qxc3 Nc4 25. Rde1 Nd6 26. Nf3 Nf7 27. h4
Rc8 28. h5 Bd7 29. Bc2 Qd6 30. Rh3 Rcg8 31. Reh1 gxh5 32. Rxh5 h6 33. Ne5 hxg5
34. Qc5 Rxh5 35. Rxh5 Be8 36. Nxf7 Qxc5 37. dxc5 gxf4 38. Rxf5 Rg1+ 39. Bd1
Bxf7 40. Rxf7 fxe3 41. Rf8+ Kc7 42. Rf7+ Kc8 43. Kc2 Rg2+ 44. Kd3 Rd2+ 45. Kxe3
Rxd1 46. Rf8+ Kc7 47. Rf7+ Kc8 48. Rf8+ 1/2-1/2

[Event "Copenhagen Chess Challenge 2014"]
[Site "Ballerup"]
[Date "2014.05.15"]
[Round "3"]
[White "Vesterli, Michael E"]
[Black "Semcesen, Daniel"]
[Result "0-1"]
[WhiteElo "2107"]
[BlackElo "2513"]
[PlyCount "96"]
[EventDate "2014.??.??"]
[EventType "swiss"]
[EventRounds "9"]
[EventCountry "DEN"]

1. d4 f5 2. c4 Nf6 3. Nc3 d6 4. Nf3 g6 5. g3 Bg7 6. Bg2 O-O 7. O-O c6 8. Re1
Ne4 9. Qd3 Nxc3 10. Qxc3 e5 11. dxe5 dxe5 12. Qb3 Na6 13. Rd1 Qe7 14. Bg5 Qf7
15. Be3 h6 16. Rd6 Re8 17. Rad1 e4 18. Ne1 Be6 19. Qc2 Bf8 20. R6d2 g5 21. a3
f4 22. Bd4 Bf5 23. e3 f3 24. Bf1 c5 25. Bc3 Nc7 26. b4 b6 27. bxc5 Bxc5 28. Bb4
Re7 29. Bxc5 bxc5 30. Rd6 Ne6 31. R1d5 Rf8 32. Re5 g4 33. Red5 Rb8 34. Qd1 h5
35. Qa1 Rb3 36. Qe5 Ng7 37. Rd8+ Kh7 38. Qa1 Reb7 39. Rxc5 Qe7 40. Rcd5 Rb1 41.
Qc3 R7b3 42. Qd2 Qf6 43. Rb5 Rxb5 44. cxb5 Rxe1 45. Rd4 Ra1 46. a4 Qe7 47. Rb4
Qc5 48. Rb2 Qc4 0-1

[Event "Copenhagen Chess Challenge 2014"]
[Site "Ballerup"]
[Date "2014.05.15"]
[Round "3"]
[White "Westerinen, Heikki"]
[Black "Murtuzov, Rauf Mubariz"]
[Result "1-0"]
[WhiteElo "2299"]
[BlackElo "2079"]
[PlyCount "143"]
[EventDate "2014.??.??"]
[EventType "swiss"]
[EventRounds "9"]
[EventCountry "DEN"]

1. e4 c6 2. d4 d5 3. f3 g6 4. Nc3 Bg7 5. Be3 e6 6. Qd2 Nf6 7. e5 Nfd7 8. f4 a6
9. Nf3 b5 10. Bd3 Qe7 11. Ne2 c5 12. c3 Nc6 13. O-O O-O 14. dxc5 Nxc5 15. Bc2
Nd7 16. Ned4 Nxd4 17. Bxd4 Bb7 18. a4 Bc6 19. a5 f6 20. Rae1 f5 21. b4 Bh8 22.
h3 h6 23. g4 Kh7 24. Kh2 Rf7 25. Rg1 Rg7 26. h4 Rag8 27. Rg3 Rf8 28. Reg1 Kg8
29. Kg2 Rff7 30. Kf2 Qf8 31. gxf5 gxf5 32. Rg6 Re7 33. h5 Qf7 34. Ke3 Nf8 35.
Rxg7+ Bxg7 36. Qh2 Be8 37. Qh4 Rd7 38. Rh1 Qe7 39. Qg3 Rc7 40. Bd3 Nd7 41. Kd2
Nb8 42. Bc5 Qf7 43. Bd6 Rc8 44. Rg1 Nc6 45. Be2 Rd8 46. Rh1 Kh7 47. Qf2 Bf8 48.
Bxf8 Qxf8 49. Nd4 Nxd4 50. Qxd4 Qe7 51. Kc2 Rc8 52. Kb3 Qc7 53. Rh3 Qg7 54. Qf2
Bc6 55. Rg3 Qe7 56. Rg6 Qc7 57. Qc5 Be8 58. Rxe6 Bf7 59. Re7 Qxc5 60. bxc5 Kg8
61. Kb4 Rd8 62. c6 Rc8 63. Kc5 Be8 64. Re6 Kg7 65. Kb6 d4 66. cxd4 b4 67. c7 b3
68. Kb7 b2 69. Bd3 Bb5 70. Bxf5 Bc4 71. Rg6+ Kf7 72. Kxc8 1-0

[Event "Copenhagen Chess Challenge 2014"]
[Site "Ballerup"]
[Date "2014.05.15"]
[Round "3"]
[White "Yin, Zixiao"]
[Black "Bjerre, Jonas Buhl"]
[Result "1-0"]
[WhiteElo "2020"]
[BlackElo "1961"]
[PlyCount "87"]
[EventDate "2014.??.??"]
[EventType "swiss"]
[EventRounds "9"]
[EventCountry "DEN"]

1. g3 d5 2. c3 e5 3. Na3 Nf6 4. d3 a5 5. Nf3 Nc6 6. Nc2 Be7 7. Bg2 O-O 8. O-O
h6 9. h3 Be6 10. d4 e4 11. Nfe1 a4 12. f4 exf3 13. exf3 Nh7 14. f4 f5 15. Ne3
Nf6 16. Kh2 Qe8 17. Qc2 h5 18. Nf3 Ne4 19. h4 Bd6 20. Ng5 Nxg5 21. hxg5 Ne7 22.
Re1 Qf7 23. Bf3 h4 24. Ng2 hxg3+ 25. Kxg3 c5 26. Qe2 Bd7 27. Bh5 g6 28. dxc5
Bxc5 29. Be3 Bxe3 30. Qxe3 Nc6 31. Bf3 Rad8 32. Qc5 Be6 33. Rh1 d4 34. Rh6 Qe7
35. Rxg6+ Kf7 36. Rf6+ Ke8 37. Bxc6+ bxc6 38. Rxe6 Qxe6 39. Re1 Qxe1+ 40. Nxe1
d3 41. Qe3+ Kf7 42. Nxd3 Rfe8 43. Ne5+ Kg7 44. Qa7+ 1-0

[Event "Copenhagen Chess Challenge 2014"]
[Site "Ballerup"]
[Date "2014.05.16"]
[Round "4"]
[White "Andersen, Daniel"]
[Black "Bjerre, Tavs"]
[Result "0-1"]
[WhiteElo "1940"]
[BlackElo "2067"]
[PlyCount "32"]
[EventDate "2014.??.??"]
[EventType "swiss"]
[EventRounds "9"]
[EventCountry "DEN"]

1. c4 g6 2. e4 Bg7 3. d4 d6 4. Nc3 Nf6 5. f4 O-O 6. Nf3 c5 7. d5 e6 8. dxe6
fxe6 9. Bd3 Nc6 10. O-O Kh8 11. Qe1 d5 12. e5 Ng8 13. Ng5 dxc4 14. Qh4 Bh6 15.
Be4 Bxg5 16. fxg5 Qd4+ 0-1

[Event "Copenhagen Chess Challenge 2014"]
[Site "Ballerup"]
[Date "2014.05.16"]
[Round "4"]
[White "Andersen, Kim Nyvang"]
[Black "Larsen, Preben R"]
[Result "1-0"]
[WhiteElo "2039"]
[BlackElo "1808"]
[PlyCount "85"]
[EventDate "2014.??.??"]
[EventType "swiss"]
[EventRounds "9"]
[EventCountry "DEN"]

1. d4 Nf6 2. Bf4 e6 3. e3 d5 4. Bd3 b6 5. c3 Bd6 6. Bg5 h6 7. Bh4 O-O 8. Qe2
Bb7 9. Nd2 Nbd7 10. Nh3 e5 11. f3 c5 12. O-O cxd4 13. exd4 exd4 14. cxd4 Re8
15. Qf2 Qe7 16. Rfe1 Qf8 17. g4 Rxe1+ 18. Rxe1 g5 19. Bg3 Bxg3 20. hxg3 Qd6 21.
Nf1 Nf8 22. Ne3 Bc8 23. Kg2 Ng6 24. Qc2 Kg7 25. Bf5 Be6 26. Qa4 Kg8 27. Nf2 h5
28. Bxe6 fxe6 29. Qc2 Kf7 30. gxh5 Nxh5 31. Nf1 Rh8 32. Nh3 Nhf4+ 33. gxf4 Rxh3
34. Kxh3 Qxf4 35. Qf2 g4+ 36. Kg2 gxf3+ 37. Kh1 Nh4 38. Nh2 Nf5 39. Qxf3 Qxd4
40. Qh5+ Kf8 41. Qf3 Qxb2 42. Rxe6 Qa1+ 43. Qf1 1-0

[Event "Copenhagen Chess Challenge 2014"]
[Site "Ballerup"]
[Date "2014.05.16"]
[Round "4"]
[White "Bjerre, Jonas Buhl"]
[Black "Roneid, Heidi"]
[Result "1-0"]
[WhiteElo "1961"]
[BlackElo "1656"]
[PlyCount "99"]
[EventDate "2014.??.??"]
[EventType "swiss"]
[EventRounds "9"]
[EventCountry "DEN"]

1. e4 e5 2. Bc4 Nf6 3. d3 Bc5 4. Nf3 Nc6 5. c3 d5 6. exd5 Nxd5 7. Qb3 Nf4 8.
Bxf7+ Kf8 9. Bxf4 exf4 10. O-O Qd7 11. Ng5 Na5 12. Qd1 Be7 13. Be6 Qd6 14. Qg4
Bxg5 15. Bxc8 Nc6 16. Bxb7 Rd8 17. Qxg5 Ne7 18. Be4 h6 19. Qg4 h5 20. Qg5 h4
21. h3 g6 22. Nd2 Rh5 23. Qg4 Kg7 24. Rfe1 Qf6 25. Qe2 Re5 26. Nf3 Re6 27. Qc2
Re8 28. Qd2 g5 29. Nh2 Ng6 30. Ng4 Qf7 31. Bxg6 Qxg6 32. Rxe6 Qxe6 33. Kf1 Rd8
34. Re1 Qf5 35. Qe2 Qxd3 36. Qxd3 Rxd3 37. Ke2 Rd7 38. Rd1 Re7+ 39. Kf1 Kg6 40.
Rd5 Re6 41. Rd7 Ra6 42. Rxc7 Rxa2 43. Rb7 Kf5 44. Rb5+ Ke4 45. Ke2 f3+ 46.
gxf3+ Kf4 47. Nh6 Rxb2+ 48. Rxb2 g4 49. Rb5 gxf3+ 50. Kd3 1-0

[Event "Copenhagen Chess Challenge 2014"]
[Site "Ballerup"]
[Date "2014.05.16"]
[Round "4"]
[White "Brondal, Paul"]
[Black "Pallesen, Jacob"]
[Result "1/2-1/2"]
[WhiteElo "2078"]
[BlackElo "2029"]
[PlyCount "132"]
[EventDate "2014.??.??"]
[EventType "swiss"]
[EventRounds "9"]
[EventCountry "DEN"]

1. Nf3 d5 2. b3 Nf6 3. Bb2 c5 4. e3 Nc6 5. Bb5 Bd7 6. O-O a6 7. Bxc6 Bxc6 8.
Ne5 Rc8 9. f4 b5 10. d3 Bb7 11. Nd2 Nd7 12. Qh5 g6 13. Qf3 f6 14. Nxd7 Qxd7 15.
Qe2 Bg7 16. e4 d4 17. Rae1 O-O 18. Nf3 b4 19. Nd2 Qc7 20. Nc4 Bc6 21. a4 a5 22.
Bc1 Bb7 23. f5 Ba6 24. fxg6 hxg6 25. Qg4 Bxc4 26. dxc4 Kf7 27. e5 Rh8 28. e6+
Kf8 29. Bf4 Qd8 30. Qxg6 Qe8 31. Qxe8+ Kxe8 32. Rf3 Kf8 33. Bd2 Bh6 34. Bxh6+
Rxh6 35. Rg3 Rh5 36. Re4 Rc6 37. Rf3 Kg7 38. g4 Rh4 39. Kg2 Kg6 40. Kg3 Rh8 41.
Rf5 Rd8 42. h4 d3 43. cxd3 Rxd3+ 44. Rf3 Rcd6 45. Kf4 Rxf3+ 46. Kxf3 f5 47. h5+
Kf6 48. Rf4 Rd3+ 49. Ke2 Rxb3 50. Rxf5+ Kxe6 51. Rxc5 Ra3 52. Rxa5 b3 53. Rb5
Rxa4 54. Rxb3 Rxc4 55. g5 Rg4 56. Rb5 Kf7 57. Kf3 Rh4 58. g6+ Kg7 59. Kg3 Rh1
60. Kg4 Kh6 61. Re5 e6 62. Rxe6 Rg1+ 63. Kf5 Kxh5 64. Rf6 Rg5+ 65. Ke6 Rxg6 66.
Rxg6 Kxg6 1/2-1/2

[Event "Copenhagen Chess Challenge 2014"]
[Site "Ballerup"]
[Date "2014.05.16"]
[Round "4"]
[White "Frank Nielsen, Marie"]
[Black "Kistrup, Nicolai"]
[Result "1/2-1/2"]
[WhiteElo "1992"]
[BlackElo "1721"]
[PlyCount "143"]
[EventDate "2014.??.??"]
[EventType "swiss"]
[EventRounds "9"]
[EventCountry "DEN"]

1. e4 c5 2. Nf3 d6 3. d4 cxd4 4. Nxd4 Nf6 5. Nc3 g6 6. Be2 Bg7 7. O-O Nc6 8.
Nb3 O-O 9. Bg5 h6 10. Bh4 a6 11. f4 b5 12. a3 Bb7 13. Bf3 Nd7 14. Rb1 Nb6 15.
Nd5 Nc4 16. c3 Re8 17. Qe2 Rb8 18. Rbd1 Nb6 19. Ne3 Qc7 20. Kh1 Rbd8 21. Bg3 e6
22. Qc2 a5 23. Bh4 Rc8 24. Ng4 a4 25. Nd2 Nd4 26. Qd3 Nxf3 27. gxf3 Qc5 28.
Nf6+ Bxf6 29. Bxf6 d5 30. Bd4 Qc6 31. e5 Nc4 32. Nxc4 bxc4 33. Qc2 Kf8 34. Qf2
h5 35. Qh4 Re7 36. Rg1 Ke8 37. Qf2 Kd7 38. Bb6 Ree8 39. Rd2 Qb5 40. Rgd1 Kc6
41. Be3 Red8 42. Bd4 Rf8 43. Qh4 Kc7 44. Qf6 Kb8 45. Qh4 Qd7 46. Qf2 Qc6 47.
Rg1 Rh8 48. Qh4 Qd7 49. Rg5 Rhg8 50. Qe1 Qc6 51. Rdg2 Rgf8 52. Qe3 Ka8 53. Qd2
Qb5 54. Rf2 Rg8 55. Be3 Kb8 56. Qd4 Kc7 57. Rfg2 Kd7 58. h3 Kc7 59. Kh2 Kd7 60.
Rd2 Kc6 61. Bf2 Kd7 62. Be3 Kc6 63. Rg1 Kd7 64. Rdg2 Kc6 65. f5 exf5 66. Qh4
Kc7 67. Qd4 Rce8 68. Bf4 Re6 69. Be3 Rge8 70. f4 R8e7 71. Bf2 Re8 72. Be3
1/2-1/2